000
00326nam a22001457a 4500
020
_a
81-7656-358-7
041
_a
ENG
100
_a
Kanetkar.Y.P
245
_a
Understanding Pointers in C
250
_a
4th Edition
260
_a
New Delhi
_b
BPB Publications
_c
2009
300
_a
539
650
_a
M.Tech
856
_u
M.Tech ( 7 )
999
_c
1022
_d
1022